000 00316nam a2200121Ia 4500
008 240624s9999 xx 000 0 und d
041 _aeng
082 _a658.4022 CON
100 _aCONSALVO CARMINE
245 _aTEAM BUILDING BLOCKS PRACTICING GROUP CO
260 _aMumbai
_bMulti Media HRD Pvt. Ltd.
365 _cRS
999 _c22884
_d22884